[Event "E Candidates Tournament"]
[Site "FIDE"]
[Date "2020.03.22"]
[Round "5.4"]
[White "Nepomniachtchi, Ian"]
[Black "Wang, Hao"]
[Result "1-0"]
[WhiteElo "2774"]
[BlackElo "2762"]
[EventDate "2020.??.??"]
[Annotator "Bojkov,Dejan"]
[PlyCount "85"]
[Beauty "7493375763980"]
[EventType "team-tourn"]
[EventCountry "FID"]

1.e4 e5 2.Nf3 Nf6 {This should not come as surprise as Wang has the Petroff in his repertoire.} 3.Nxe5 d6 4.Nf3 Nxe4 5.d4 {This is not Nepomniachtchi's most common way to fight the Petrov, but his statistic in this line are quite good.} 5...d5 6.Bd3 Bf5 7.O-O Be7 8.Re1 O-O 9.Nbd2 {A trendy line, in which Nepomniachtchi has a little something home-brewed.} ( {A fomer world champion tried a more forced approach recently:} 9.c4 Nc6 10.cxd5 ( {Wang Hao also has some experience in this line:} 10.Nc3 Nxc3 11.bxc3 Bxd3 12.Qxd3 dxc4 13.Qxc4 Qd7 14.d5 Na5 {Naiditsch,A (2712)-Wang,H (2698) Danzhou 2017} ) 10...Qxd5 11.Nc3 Nxc3 12.bxc3 Bxd3 13.Qxd3 Rae8 14.Rb1 b6 15.Bf4 Bd6 16.Ng5 {Anand,V (2756)-So,W (2776) Saint Louis 2019, but as we know it is getting harder and harder to squeeze anything out of the forcing lines.} ) ( {Please pay attention to a novelty which the Russian GM exploited two years ago:} 9.Nc3 Nxc3 10.bxc3 Bxd3 11.Qxd3 Nc6 12.Re2 a6 13.Bf4 Qd7 14.Rae1 Rfe8 15.h4 $1 $146 {Nepomniachtchi,I (2757)-Giri,A (2782) Dortmund 2018} ) 9...Nd6 ( 9...Nxd2 {had been seen previously as well, when White gets a risk-free advantage after:} 10.Bxf5 Nxf3+ 11.Qxf3 ) 10.Nf1 Bxd3 11.Qxd3 c6 12.Bf4 Na6 13.h4 $146 {As we have seen from above, a favorite idea of Nepomniachtchi. White is gaining space on the kingside and can eventually exploit the g5 handle to force some kingside concessions.} ( {One predecessor is again a game of Anand which went:} 13.Ne3 Nc7 14.Re2 Ne6 15.Bxd6 Bxd6 16.g3 Qd7 17.Rae1 {Anand,V (2767)-Yu,Y (2738) Stavanger 2019} ) 13...Nc7 14.Ng5 Bxg5 ( {The black king is not safe after:} 14...g6 15.Ne3 {followed by Ne3-g4-(h6).} ) 15.Bxg5 f6 {Not the best reaction according to Nepomniachtchi as afterwards the white knight can go quickly to f5 with an advantage.} 16.Bf4 Qd7 $1 {An important move in an attempt to control the h3-c8 diagonal.} ( {Black is paralyzed after:} 16...Re8 17.Qh3 $1 Rxe1 18.Rxe1 Qf8 $2 19.Qd7 ) 17.Ng3 Rae8 ( {The other defensive set-up looks risky:} 17...g6 18.h5 Kf7 {but it might have been Black's better try.} ) 18.Bxd6 Qxd6 19.Nf5 Qd7 20.Qh3 {Apparently, Nepomniachtchi was still in his analysis.} 20...Kh8 21.h5 Rxe1+ 22.Rxe1 Re8 23.Rxe8+ Nxe8 24.g4 {"Double-edged, but very logical as it is supporting the knight." (Nepomniachtchi)} ( {However, this might be the case in which one is getting lost in the nuances of his analysis.} 24.Kf1 $5 {seems like the most accurate idea and White is going to mention it on the next move.} ) 24...a6 ( {With the knight temporarily blocked Wang could have taken care of it once and for all with:} 24...Kg8 $1 {Next, g7-g6 is on the agenda as in the line:} 25.b3 ( {Black is not too worried about:} 25.g5 Qf7 {Neither.} ) 25...g6 {when White's advantage is miniscule.} ) 25.b3 {"An awful move." (Nepomniachtchi)} ( {He suggested instead:} 25.Kf1 {Once more, when:} 25...Kg8 {Is met with the tactical:} ( {If:} 25...Qe6 26.Qh2 Qd7 27.b3 {followed by c2-c4 and Qh2-f4 looks rather grim for Black as well.} ) 26.g5 Qf7 27.g6 $1 {(Nepomniachtchi)} 27...hxg6 $4 28.hxg6 Qxg6 29.Ne7+ ) 25...Qe6 $1 ( {In the line:} 25...Kg8 26.g5 Qf7 27.f4 Kf8 {"White is optically better but does not have the resource Qh3-a3+" (Nepomniachtchi)} ) 26.Ne3 {"The only way to play on." (Nepomniachtchi)} 26...Nd6 ( {Both players considered instead the very complicated knight endgame after:} 26...h6 $5 27.Nf5 Qe1+ 28.Kg2 Qe4+ 29.Qf3 Qxc2 30.Qe3 Qe4+ 31.Qxe4 dxe4 32.Kg3 {"Still looks somewhat suspicious (for Black)" (Wang Hao)} 32...Kh7 33.Kf4 g6 34.hxg6+ Kxg6 ) 27.h6 g6 28.c4 $1 {Nepomniachtchi is clearing the road for his queen. With the pawn on h6 close to the promotional square and close to the black king he is eagerly looking for an entry point for his major piece.} 28...dxc4 ( {Once more both players considered the knight endgame as an attempt for Black to save himself:} 28...Kg8 29.cxd5 cxd5 30.Qf3 Ne4 31.Qf4 Qd6 32.Qxd6 Nxd6 33.Nxd5 {although as White is up a pawn and does not have to worry about anything.} ) 29.bxc4 Kg8 ( {The tactical point behind White's breakthrough is revealed in the line:} 29...Nxc4 30.Nxc4 Qxc4 31.Qh2 $1 {(Nepomniachtchi) when White's queen enters the enemy camp with decisive effect.} ) ( {Perhaps:} 29...Nf7 $5 30.Qh2 ( 30.c5 {(Nepomniachtchi)} 30...Kg8 31.Qh2 ) 30...Qd6 {was a better defense according to Nepomniachtchi.} ) 30.Qh2 Kf7 31.c5 Nb5 {Not a bad move at all, but the impression is that Wang Hao felt his position is close to lost at this point.} ( {At the press conference one of the journalists suggested another idea to save the game:} 31...Ne4 32.Qb8 Qxa2 {White's problem is that he cannot defend his f2 point, for example:} 33.Qxb7+ Kf8 34.Qg7+ Ke8 35.Qh8+ Ke7 36.Qxh7+ Kd8 37.Qg8+ Ke7 38.Qg7+ Kd8 39.Nd1 Qe2 40.h7 Qxg4+ {with perpetual.} ) 32.Qb8 Qd7 $2 {Apparently, this loses. Wang went defending the wrong pawn in a moment in which active play was looked for.} ( {We all know how powerful the queen-and-knight attacking pair is, and this was a case to demonstrate its potential with:} 32...Nxd4 $3 33.Qxb7+ Qe7 34.Qxa6 Qe4 $3 {Nepomniachtchi did not consider this seriously as he believed that the knight on e3 is securing his position nicely. But it seems as Black has enough initiative to find a perpetual check, for example:} 35.Qb7+ Ke6 36.Qxh7 Ne2+ $1 ( 36...Nf3+ $1 37.Kf1 Nd4 {should also do.} ) 37.Kf1 {And now a move that Black might have missed:} ( {Nothing changes:} 37.Kh2 Qf4+ 38.Kg2 ( 38.Kh3 $4 Qf3+ 39.Kh2 Qxf2+ {would actually be mate.} ) 38...Qe4+ ) 37...Ng3+ $1 38.fxg3 Qf3+ 39.Kg1 Qxe3+ {with a draw.} ) ( 32...Qe7 33.Nc4 Qe1+ 34.Kg2 Qe4+ 35.Kh2 ) 33.Qh8 Ke6 34.f4 $1 {The black king is in a mating net.} 34...Nxd4 ( 34...Qxd4 35.Qe8# ) 35.Qg8+ Qf7 36.Qc8+ Qd7 37.Qg8+ ( {"I thought this is also clever:"} 37.f5+ gxf5 38.gxf5+ Ke7 39.Qg8 {"But I missed" (Saw in time?)} 39...Nf3+ 40.Kf2 Ng5 41.Qg7+ Nf7 42.Qxh7 Qd4 {"I completely ruin my position." (Nepomniachtchi) "Yes, you are not going to win this." (Wang Hao)} ) 37...Qf7 38.Qd8 $1 {The right choice! Wang Hao missed this move.} 38...Qd7 ( {Or:} 38...Nb5 39.a4 $1 {That traps the knight since:} 39...Nc3 40.Qd6# ) 39.f5+ gxf5 40.gxf5+ Nxf5 41.Qxd7+ Kxd7 42.Nxf5 Ke6 43.Ne3 1-0

[Event "Lindores Abbey Rapid Challenge Final 8"]
[Site "?"]
[Date "2020.05.24"]
[Round "2.4"]
[White "So, Wesley"]
[Black "Carlsen, Magnus"]
[Result "0-1"]
[WhiteElo "2741"]
[BlackElo "2881"]
[EventDate "2020.??.??"]
[Annotator "Bojkov,Dejan"]
[PlyCount "128"]
[Beauty "6120865304142"]
[EventType "rapid"]

1.e4 e5 2.Nf3 Nc6 3.Bb5 Nf6 {The Berlin versus So! Why not?} 4.d3 Bc5 5.Bxc6 dxc6 6.O-O ( {Recently two other tops GMs discussed} 6.Nbd2 Be6 7.Qe2 Nd7 8.Nb3 Bb6 9.Ng5 Bxb3 10.axb3 f6 11.Nf3 Nf8 12.O-O Ne6 {Caruana, F (2835)-Grischuk,A (2777) chess.com INT 2020} ) 6...Qe7 7.Nbd2 Bg4 8.h3 Bh5 9.Nc4 Nd7 10.a3 {The world champion is closely watching the efforts of his competitors and comes up with an improvement upon a very fresh game.} 10...a6 $146 {A novelty. Carlsen secures the a7-g1 diagonal for his bishop.} ( {Unlike the earlier game:} 10...f6 {which gave So a chance to bother Black's dark-squared bishop after} 11.b4 $1 Bd6 12.Ne3 Nf8 13.c4 Qd7 14.c5 Be7 15.Nxe5 Bxd1 16.Nxd7 Be2 17.Re1 Bxd3 18.Nxf8 Rxf8 19.Nf5 {with a pleasant edge for White in So,W (2767)-Nakamura,H (2745) chess.com INT 2020} ) 11.b4 Ba7 12.Be3 {The black bishop is too strong to be left alive. On top of that, White is depriving the opponent of his bishop pair.} 12...Bxe3 13.Nxe3 {The knight moves towards the optimal square.} ( {The opening of the f-file does not seem great due to} 13.fxe3 c5 ) 13...f6 14.Nf5 Qf8 {Carlsen wants to keep his second bishop on the board.} ( {More natural seems} 14...Qf7 {when White keeps a slight pressure with the help of} 15.Ng3 Bxf3 16.Qxf3 ) 15.Ng3 ( {One interesting way to benefit from the slightly awkward position of the black queen was} 15.a4 $5 {Since the queen needs to guard g7 White has the time to open the queenside. After} 15...Qf7 16.b5 axb5 17.axb5 O-O 18.bxc6 bxc6 {White at least weakens the opponent's pawn chain.} ) 15...Bf7 {Carlsen hopes to use the knights as tempo-gainers when advancing his kingside passer. However, So is the one to open the game after} 16.Qd2 g6 17.Nh2 h5 18.f4 exf4 ( {Or else White will seize the f-file:} 18...O-O-O 19.fxe5 fxe5 20.Rf2 ) 19.Qxf4 O-O-O {It does not seem particularly scary for Black. After all, he castled, his king is safe, he is ready to start his kingside assault. However...} 20.e5 $1 {...throws a spanner in his plans.} 20...f5 {The only move.} ( 20...Nxe5 $2 {drops material due to} 21.Qxf6 Qd6 22.Rae1 ) 21.Nf3 Qe7 22.Rae1 Rde8 {As now} ( {The computer recommends to seize a bit of a space on the kingside first with} 22...h4 23.Ng5 Bg8 24.Ne2 Kb8 ) 23.h4 $1 {fixes all the valuable dark squares in White's favor. The dangerous passer and the superb blockade promise White long-term positional plus.} ( {It is too early for} 23.e6 Bxe6 24.Ng5 Qf6 ) 23...Bd5 {An active, but vulnerable spot for the bishop.} ( {No matter how ugly it was, but} 23...Bg8 {should have been preferred with the idea to block the e5 pawn after} 24.Ng5 Nf8 ) 24.Ng5 c5 ( {The delicate position of the bishop tells in the line} 24...Nf8 25.Qe3 {The queen frees the f4-square with tempo:} 25...Kb8 26.Ne2 $1 Ne6 27.c4 Nxg5 28.Qxg5 Qxg5 29.hxg5 Be6 30.Nf4 {leads to complete domination of the knight over the bishop.} ) 25.Re3 {A pity!} ( {So far everything was done perfectly well and the energetic} 25.e6 $1 Nb6 26.c4 Bc6 27.Qe3 {would have fixed White's edge.} ( {Also good would be} 27.Ne2 ) ) 25...b5 {Carlsen seizes his chance and gets some air on the queenside.} 26.Ne2 Bb7 27.Nc3 {Missing a chance to achieve a completely dominant position.} ( {This would be the case after} 27.bxc5 $1 Qxc5 28.d4 Qc6 29.Qf2 Nb6 30.Rc3 Qd7 31.Nf4 {Just in time.} 31...Nd5 32.Rc5 {White's superb pieces will quickly organize the advance of the central passers.} ) 27...cxb4 28.axb4 Nf6 $1 {The world champion spots an even better route for his knight.} 29.Rfe1 Ng4 30.R3e2 c5 {Obvious, but there is a small detail...} ( {Strong was to centralize pieces with} 30...Rd8 $1 {Then} 31.e6 {can be met with} 31...Rhe8 {intending to surround the pawn. What's more important is that the active try} 32.Nf7 {backfires due to} 32...Qxh4 $1 33.Nxd8 Rxd8 34.e7 Re8 {followed by Kc8-b8 (out of the checks) and g6-g5!} ) 31.e6 cxb4 {And with very little time on the clock So demonstrates how brilliant he is with...} 32.Nf7 $3 Qc7 $1 {The only defense.} ( {The main idea behind the sacrifice is revealed in the line} 32...bxc3 33.Nd6+ Kd8 34.Nxe8 Rxe8 35.Qb8+ Bc8 {The attack seems over, but} 36.Re5 $1 {transfers fresh troops and forces Black to part with his queen:} 36...Nxe5 37.Rxe5 Qxe6 38.Rxe6 Rxe6 39.Kf2 {Next White brings his king all the way to f7 and wins!} ) 33.Qxc7+ Kxc7 34.Nxh8 Rxh8 35.Nd1 {So won the exchange but nothing is determined yet as the black bishop is strong and the queenside passers might become rogue.} 35...Re8 36.e7 Bd5 37.Ne3 {One little inaccuracy and all the advantage is thrown away.} ( {The other route for the knight would have won So a couple of tempos, and most likely the game:} 37.Nf2 $1 Nxf2 ( {If} 37...a5 {the knight changes his mind:} 38.Nh3 a4 39.Nf4 Bf7 40.Ne6+ {and manages to swap off the more dangerous black minor piece.} 40...Bxe6 41.Rxe6 {Thus stopping the black passers and winning.} ) 38.Kxf2 a5 39.Kg3 {In comparison to the game, the white king is two moves ahead and has a clear path towards the kingside and the e-passer.} ) 37...Nxe3 38.Rxe3 a5 39.Kf2 a4 {With a second on the clock one pushes the pawns without any fear.} 40.Kg3 ( {The counter-intuitive} 40.Rb1 $1 {would have slowed the passers down, say:} 40...b3 ( {Or} 40...a3 41.Rxb4 a2 42.Re1 ) 41.cxb3 Bxb3 42.Re5 ) 40...a3 41.Kf4 b3 {Carlsen is safe; he can no longer lose. Or so it seems...} 42.cxb3 b4 43.d4 Kd6 44.Re5 a2 {Remember, passers move on their own in time-trouble.} ( {The clear-cut draw would have been achieved with the help of} 44...Bxb3 45.Rb5 a2 46.Rxb4 Rxe7 47.Ra1 Re4+ 48.Kg5 Rg4+ 49.Kf6 Bd5 ) 45.Ra1 ( {Alas, White did not have enough time to find the Wotawa-like:} 45.R5e3 $3 Be4 46.R3e2 $3 {Then} 46...Bb1 {seems to even win for Black but White has a wonderful way to coordinate his rook:} 47.Re6+ Kd5 48.Ra6 Kxd4 49.Rc1 $3 {The king is in a mating net. Now best is} 49...Kd5 {But after} ( {A curious mate is} 49...Rxe7 50.Rd6# ) ( {Whereas} 49...Kd3 50.Rd6+ Ke2 51.Rcd1 $1 {is also unstoppable mate.} ) 50.Rc7 $1 {Black is in zugzwang and has to self-destruct.} ) 45...Bxb3 46.Rb5 Rxe7 47.Rxb4 Re4+ 48.Kg5 Rg4+ {Now once again Black is safe, but both players keep on playing for the win.} 49.Kf6 Rg3 ( {To the aforementioned draw would have led} 49...Bd5 ) 50.Rb5 Bc4 51.Rc5 Bd5 52.Ra5 Bb3 ( 52...Rxg2 {was possible at once.} ) 53.Rc1 Rxg2 54.Rcc5 Rg1 55.Ra6+ Kd7 56.Ra7+ Kd6 57.Ra6+ Kd7 58.Rca5 ( {In the heat of the battle, So rejects the perpetual check.} 58.Ra7+ ) 58...Bc4 59.Ra7+ Kd6 60.Ra8 f4 61.Rd8+ {And then there was no more perpetual.} ( {So should have taken the draw at last:} 61.Rc5 $1 Kd7 ( {But not} 61...f3 $4 62.Rd8# ) 62.Ra7+ ) 61...Kc7 62.Rda8 f3 63.Rxa2 Bxa2 64.Rxa2 Kd6 {The white king is left out of the game, and Carlsen wins this epic game.} 0-1

[Event "E Chess.com Online Nations Cup"]
[Site "FIDE"]
[Date "2020.05.06"]
[Round "3.1"]
[White "Ding, Liren"]
[Black "Nepomniachtchi, Ian"]
[Result "1-0"]
[WhiteElo "2836"]
[BlackElo "2778"]
[EventDate "2020.??.??"]
[Annotator "Bojkov,Dejan"]
[PlyCount "89"]
[Beauty "7354905014308"]
[EventType "team-tourn"]
[EventCountry "FID"]

1.d4 Nf6 2.c4 g6 3.Nc3 d5 4.cxd5 Nxd5 5.e4 Nxc3 6.bxc3 Bg7 7.Be3 c5 8.Rc1 Qa5 9.Qd2 O-O 10.Nf3 Bg4 11.d5 b5 12.Bxc5 {A very, very sharp Grunfeld arose.} ( {The world champion chose instead:} 12.Be2 Nd7 13.O-O Bxf3 14.Bxf3 c4 15.Be2 Rfd8 16.f4 Nb6 17.Bf3 Qa3 18.h4 {and eventually won in a spectacular attacking style in Carlsen,M (2875)-Grischuk,A (2775) Stavanger 2019} ) 12...Rc8 {[#]} 13.Bd4 $146 {An obvious, solid move, and a novelty.} ( {White was also successful in the predecessor:} 13.Bb4 Qc7 14.Nd4 a5 15.Ba3 b4 16.Bb2 Qb6 17.c4 a4 18.Be2 a3 19.Ba1 Bxe2 20.Kxe2 {Esipenko,A (2624) -Jones,G (2688) Douglas 2019} ) 13...Bxf3 14.Bxg7 Bxe4 {Enterprising but risky play by Nepomniachtchi.} ( {The computer suggestion seems safer:} 14...Bxg2 15.Bxg2 Kxg7 {Although White should be able to develop initiative after both:} 16.Qd4+ ( {Or:} 16.O-O {Black's king weakness is more important than the worse pawn structure for White.} ) ) 15.Bh6 Qb6 16.f3 {Now Ding builds a nice attacking position with tempos.} 16...Bf5 17.g4 Bd7 18.h4 {Easygoing. That is the word to discribe Ding's kingside play.} 18...Be8 19.h5 f6 {Brings the bishop out first.} ( {The obvious:} 19...Nd7 {could have been answered with either:} 20.Be3 $5 {To this Black needs to throw in the move:} ( {Or the preliminary:} 20.hxg6 fxg6 {Then:} 21.Be3 {Then Black can defend with:} 21...Qd6 ( {Although:} 21...Ne5 $5 {definitely deserves attention here too.} ) ) 20...Ne5 $1 21.Rh3 Qd6 {with unclear play where White seems better though.} ) 20.hxg6 Bxg6 21.Be3 Qd6 $1 {The best defense.} ( {Instead:} 21...Qb7 22.f4 Nd7 23.Bg2 {will leave the white pieces dominating.} ) 22.Bxb5 Nd7 {Now Black at least managed to finish their development and may start showing teeth too.} 23.Kf2 {Ding decided that his king can take care of the kingside squares personally.} ( {The other way to play it was related to:} 23.f4 Rab8 24.Bxd7 Qxd7 25.f5 Bf7 26.c4 {and thanks to his more active bishop, White is clearly better.} ) 23...Rab8 ( {Better was to keep the active knight on the board with:} 23...Ne5 $1 {Then if:} 24.Be2 ( {Perhaps Black disliked the exchange sacrifice here:} 24.c4 Nd3+ 25.Kg2 Nxc1 26.Rxc1 {when White has plenty of play for the exchange.} ) 24...Nc4 {and in comparison to the above line the white pawns cannot connect and limit the black bishop.} ) 24.Be2 ( {Still good for White was:} 24.Bxd7 Qxd7 25.c4 ) 24...Qa3 25.Bd4 Rb2 {Nepomniachtchi is back in the game. The white king is no longer safe.} 26.Qe3 Ne5 $1 {Temporarily sacrificing another pawn but liquidating into an endgame where the white king is still under pressure.} ( {Also interesting was:} 26...Qd6 $5 27.c4 Rxa2 ) 27.Bxe5 fxe5 28.Qxe5 Qd6 $1 {The point behind Black's play. Now after:} 29.Qxd6 exd6 {Black has tremendous initiative thanks to his active pieces and should not lose.} 30.Rhe1 Re8 ( {Black misses his first chance to draw at once:} 30...Bd3 $1 31.Kf1 Rf8 $1 {Forces a draw after:} 32.Bxd3 Rxf3+ 33.Kg1 Rg3+ ( {And Black can even play awhile with:} 33...Rxd3 ) ) 31.Rcd1 Rc8 ( {It was not too late for:} 31...Rxa2 32.c4 Rc2 {with the most likely result once again the draw.} ) 32.Kg3 Rxc3 33.a4 ( {More subtle would have been:} 33.Bf1 $1 Rxa2 34.Re6 Raa3 35.Be2 {when White has good winning chances.} ) 33...a5 34.Bf1 Rb4 ( {Missing his last chance:} 34...Rbb3 $1 35.Bg2 Bf7 {This deprives the white rook of the e6 square. Black should not worry:} 36.Re7 h5 37.g5 Rb4 $1 ) 35.Re6 $1 {Once Ding takes the key d6 pawn he is back in the driver's seat and does not let go until the end.} 35...Rxa4 36.Rxd6 Raa3 37.Rf6 Kg7 38.d6 $1 {Small tactics.} 38...Rc8 ( {Checks are over after:} 38...Kxf6 39.d7 Rxf3+ 40.Kh4 ) 39.d7 Rd8 40.Re6 Rb3 41.Re5 Rb7 ( {White's plan is revealed in the line:} 41...a4 42.Bb5 a3 43.Re8 $1 ) 42.Bb5 Bc2 43.Rd2 Bg6 44.Re8 {But this happens anyway and the pawn makes it through.} 44...Rbb8 45.Rde2 1-0